Clash of Clans Gebäude - Hauptdorf - Statistiken

Allgemein
  • Dieses Quiz wurde 698 mal gespielt
  • Das Durchschnittsergebnis liegt bei 23 aus 55
Antwortstatistiken
Antwort % Korrekt
Kanone
95%
Bogenschützenturm
92%
Bombe
85%
Goldlager
80%
Goldmine
79%
Infernoturm
78%
Armeelager
75%
Kaserne
75%
Magierturm
74%
Rathaus
74%
X-Bogen
71%
Sprungfalle
70%
Riesenbombe
68%
Elixierlager
67%
Dunkle Kaserne
66%
Elixiersammler
63%
Mauer
63%
Luftbombe
60%
Labor
58%
Clanburg
57%
Luftabwehr
57%
Zauberfabrik
55%
Bombenturm
54%
Mienenwerfer
53%
Lager für Dunkles Elixier
48%
Tornadofalle
48%
Verborgener Tesla
48%
Bohrer für Dunkles Elixier
46%
Adlerartillerie
42%
Skelettfalle
42%
Streukatapult
41%
Bauhütte
40%
Suchende Luftmine
40%
Luftfeger
38%
Monolith
36%
Fabrik für Dunkle Zauber
30%
Zauberturm
26%
Begleiterhaus
19%
Werkstatt
19%
Händler
12%
Schiff
10%
Altar der Bogenschützenkönigin
7%
Altar des Barbarenkönigs
7%
Gigatesla
7%
Altar des großen Wächters
6%
Beutekarre
6%
Altar der königlichen Gladiatorin
5%
Giga-Infernoturm
5%
Luftschiff
3%
Supersauna
2%
Frostfalle
1%
Meisterbauarbeiterhütte
1%
Schrumpffalle
1%
Kürbisbombe
0%
Santa-Schlag
0%
Keine übereinstimmenden Quizze gefunden
Verteilung der Resultate
Anzahl Personen mit jedem Resultat
Perzentil nach korrekt beantworteten Fragen
Ihre Resultats-Entwicklung
Sie haben dieses Quiz noch nicht gespielt